Normal view
MARC view
Entry Personal Name
001 - CONTROL NUMBER
- control field: 28071
003 - CONTROL NUMBER IDENTIFIER
- control field: OSt
005 - DATE AND TIME OF LATEST TRANSACTION
- control field: 20260609155215.0
008 - FIXED-LENGTH DATA ELEMENTS
- fixed length control field: 260609|| aca||aabn | a|a d
040 ## - CATALOGING SOURCE
- Original cataloging agency: OSt
- Transcribing agency: OSt
100 ## - HEADING--PERSONAL NAME
- Personal name: Gregg Kathleen
670 ## - SOURCE DATA FOUND
- Source citation: Work cat.: (OSt)23718: Dingrando Laurel 28069, Glencoe Chemistry Matter and Change, 2002
